Vista normal
Vista MARC
Entrada Topical Term
Número de registros utilizados en: 1
001 - CONTROL NUMBER
- control field: 35983
003 - CONTROL NUMBER IDENTIFIER
- control field: OSt
005 - DATE AND TIME OF LATEST TRANSACTION
- control field: 20210311145851.0
008 - FIXED-LENGTH DATA ELEMENTS
- fixed length control field: 210311|| aca||aabn | a|a d
040 ## - CATALOGING SOURCE
- Original cataloging agency: OSt
- Transcribing agency: OSt
150 ## - HEADING--TOPICAL TERM
- Topical term or geographic name entry element: Servicios financieros
- Form subdivision: encuestas
- Geographic subdivision: Colombia
670 ## - SOURCE DATA FOUND
- Source citation: Work cat.: (OSt): Cadena Ordóñez, Ximena, autora 35982, Evolución de los servicios financieros en Colombia, 2010-2013 : , 2015